[Event "MVP-ch Seniors op 18th"]
[Site "Ostseebad Binz"]
[Date "2018.12.03"]
[Round "6"]
[White "Alder, Bodo"]
[Black "Juergens, Peter1111"]
[Result "1/2-1/2"]
[WhiteElo "1986"]
[BlackElo "1902"]
[PlyCount "85"]
[EventDate "2018.11.28"]
[EventType "swiss"]
[EventRounds "9"]
[EventCountry "GER"]
[SourceTitle "CBM 188 Extra"]
[Source "ChessBase"]
[SourceDate "2019.02.26"]
[SourceVersion "1"]
[SourceVersionDate "2019.02.26"]
[SourceQuality "1"]

1. Nf3 Nf6 2. b3 e6 3. Bb2 d5 4. e3 Be7 5. d4 0-0 6. a3 b6 7. Nbd2 c5 8. Bd3 Bb7 9. 0-0 Nbd7 10. c4 Rc8 11. Rc1 Rc7 12. Qe2 Qa8 13. cxd5 Nxd5 14. dxc5 Rxc5 15. b4 Rxc1 16. Rxc1 Rc8 17. Rxc8+ Qxc8 18. Ne4 N5f6 19. Ng3 Nd5 20. Ne4 N7f6 21. Nfd2 Qc7 22. f3 e5 23. Nc4 Nd7 24. g3 N5f6 25. Nxf6+ Bxf6 26. e4 g6 27. Qd2 Bg7 28. Be2 Ba6 29. Qd5 h6 30. Kf2 Bxc4 31. Bxc4 Nf8 32. Bb3 Ne6 33. Qd2 Nd4 34. Bd5 Qd7 35. Kg2 Kh7 36. Qd1 Qc7 37. Qd3 Qe7 38. h4 h5 39. Bxd4 exd4 40. f4 Qc7 41. Bc4 a5 42. bxa5 bxa5 43. Qb3 1/2-1/2

[Event "MVP-ch Seniors op 18th"]
[Site "Ostseebad Binz"]
[Date "2018.11.30"]
[Round "3"]
[White "Hubert, Berthold"]
[Black "Alder, Bodo"]
[Result "1/2-1/2"]
[WhiteElo "2077"]
[BlackElo "1986"]
[PlyCount "89"]
[EventDate "2018.11.28"]
[EventType "swiss"]
[EventRounds "9"]
[EventCountry "GER"]
[SourceTitle "CBM 188 Extra"]
[Source "ChessBase"]
[SourceDate "2019.02.26"]
[SourceVersion "1"]
[SourceVersionDate "2019.02.26"]
[SourceQuality "1"]

1. e4 c5 2. Nf3 a6 3. Nc3 d6 4. d4 cxd4 5. Nxd4 Nf6 6. Bc4 e6 7. Bb3 Be7 8. 0-0 Qc7 9. Qe2 e5 10. Nf5 Bxf5 11. exf5 Nbd7 12. Be3 h6 13. Rad1 0-0 14. Rd2 b5 15. Rfd1 Nb6 16. Nd5 Nbxd5 17. Bxd5 Rac8 18. c3 Nxd5 19. Rxd5 Rfd8 20. Qh5 Bf6 21. a3 Qe7 22. R1d3 Rc4 23. Bb6 Rd7 24. Qd1 e4 25. Rd2 Be5 26. g3 Qf6 27. Bd4 Bxd4 28. R2xd4 Rxd4 29. Qxd4 Qxd4 30. Rxd4 d5 31. a4 Kf8 32. Kf1 Ke7 33. axb5 axb5 34. Rb4 Rb7 35. f3 exf3 36. Kf2 Kd6 37. Kxf3 Kc5 38. f6 g6 39. Rh4 Rb6 40. b4+ Kd6 41. Ke3 h5 42. Rf4 Ke5 43. h4 Ra6 44. Rf1 Rc6 45. Kd3 1/2-1/2

[Event "Mecklenburg VP LL2 Ost 1819"]
[Site "Mecklenburg VP"]
[Date "2018.11.25"]
[Round "3.2"]
[White "Sparr, Andreas"]
[Black "Alder, Bodo"]
[Result "0-1"]
[WhiteElo "1604"]
[BlackElo "1793"]
[PlyCount "92"]
[EventDate "2018.10.21"]
[EventType "team-tourn"]
[EventRounds "9"]
[EventCountry "GER"]
[SourceTitle "EXT 2022"]
[Source "ChessBase"]
[SourceDate "2021.10.06"]
[SourceVersion "1"]
[SourceVersionDate "2021.10.06"]
[SourceQuality "1"]
[WhiteTeam "Stralsund FHSG II"]
[BlackTeam "Binz Therme Ruegen"]
[WhiteTeamCountry "GER"]
[BlackTeamCountry "GER"]

1. e4 c5 2. Nf3 a6 3. Nc3 d6 4. h3 Nf6 5. a3 e6 6. d3 Be7 7. Be2 Nc6 8. Bd2 b5 9. Qc1 Bb7 10. 0-0 0-0 11. Re1 Rc8 12. Bg5 Qc7 13. Bf4 e5 14. Bg5 Nd4 15. Bd1 Rfe8 16. Nh2 Qd8 17. Ne2 Ne6 18. Be3 d5 19. f3 d4 20. Bf2 Nh5 21. g3 Bg5 22. Qb1 c4 23. Kg2 Bd2 24. Rf1 Qg5 25. h4 Qg6 26. Ng4 f5 27. Nh2 Nef4+ 28. Nxf4 Nxf4+ 29. Kh1 Nh3 30. Kg2 Nxf2 31. Kxf2 Rf8 32. Kg2 Bf4 33. g4 Qh6 34. h5 Qg5 35. Rh1 fxe4 36. dxe4 Be3 37. Nf1 Bf4 38. Be2 Kh8 39. Qe1 Rfd8 40. Rd1 Rc7 41. Ng3 Rcd7 42. Qf1 Rf8 43. Qe1 Rdf7 44. Nf5 Rxf5 45. exf5 Qxg4+ 46. Kf1 Bxf3 0-1

[Event "Mecklenburg VP LL2 Ost 1718"]
[Site "Mecklenburg VP"]
[Date "2018.04.22"]
[Round "9.1"]
[White "Kohn, Thomas2222"]
[Black "Alder, Bodo"]
[Result "0-1"]
[WhiteElo "1841"]
[BlackElo "1844"]
[PlyCount "78"]
[EventDate "2017.10.08"]
[EventType "team-tourn"]
[EventRounds "9"]
[EventCountry "GER"]
[SourceTitle "EXT 2022"]
[Source "ChessBase"]
[SourceDate "2021.10.06"]
[SourceVersion "1"]
[SourceVersionDate "2021.10.06"]
[SourceQuality "1"]
[WhiteTeam "Stralsund FHSG II"]
[BlackTeam "Binz Therme Ruegen"]
[WhiteTeamCountry "GER"]
[BlackTeamCountry "GER"]

1. Nf3 Nf6 2. d4 d5 3. c4 e6 4. Nc3 c6 5. e3 Nbd7 6. Bd3 Be7 7. 0-0 dxc4 8. Bxc4 b5 9. Bd3 Bb7 10. b3 a6 11. Bb2 c5 12. Qe2 Qb6 13. Rac1 Rc8 14. Rfd1 0-0 15. dxc5 Nxc5 16. Bc2 Rfd8 17. b4 Na4 18. Nxa4 bxa4 19. Bd4 Qxb4 20. Rb1 Bxf3 21. gxf3 Qa5 22. f4 g6 23. Bd3 Rb8 24. Bxa6 Nd5 25. Bd3 a3 26. Rdc1 Rxb1 27. Rxb1 Nxf4 28. Qc2 Qg5+ 29. Kf1 Qg2+ 30. Ke1 Qg1+ 31. Bf1 Nd5 32. Qc4 Qxh2 33. Rb7 Qd6 34. f4 Bh4+ 35. Ke2 Nxf4+ 36. Kf3 Nd5 37. Qb5 Qg3+ 38. Ke2 Qf2+ 39. Kd1 Nc3+ 0-1

[Event "Mecklenburg VP LL2 Ost 1718"]
[Site "Mecklenburg VP"]
[Date "2017.12.10"]
[Round "4.1"]
[White "Alder, Bodo"]
[Black "Janisch, Harald"]
[Result "1/2-1/2"]
[WhiteElo "1844"]
[BlackElo "1545"]
[PlyCount "67"]
[EventDate "2017.10.08"]
[EventType "team-tourn"]
[EventRounds "9"]
[EventCountry "GER"]
[SourceTitle "EXT 2022"]
[Source "ChessBase"]
[SourceDate "2021.10.06"]
[SourceVersion "1"]
[SourceVersionDate "2021.10.06"]
[SourceQuality "1"]
[WhiteTeam "Binz Therme Ruegen"]
[BlackTeam "Guestrow/Teterow II"]
[WhiteTeamCountry "GER"]
[BlackTeamCountry "GER"]

1. e4 e5 2. Nf3 Nc6 3. Nc3 Nf6 4. Be2 d5 5. exd5 Nxd5 6. d3 Bb4 7. Bd2 0-0 8. 0-0 Bc5 9. Ne4 Bb6 10. a3 a5 11. c4 Nf6 12. Bg5 Bd4 13. Qc2 Bf5 14. Rad1 Re8 15. Rfe1 Bxe4 16. dxe4 Qd6 17. Be3 Rad8 18. Bxd4 Nxd4 19. Nxd4 exd4 20. Bd3 c5 21. Qe2 Qf4 22. g3 Qh6 23. Kg2 Re5 24. f4 Rh5 25. h4 Nd7 26. Qf3 f6 27. e5 fxe5 28. Qd5+ Kf8 29. fxe5 Ke7 30. Qxb7 Qe6 31. Qf3 Rxe5 32. Bf5 Qf6 33. Re4 Kd6 34. Rf1 1/2-1/2

[Event "MVP-ch Seniors op 15th"]
[Site "Binz"]
[Date "2015.11.27"]
[Round "4.14"]
[White "Liebert, Heinz"]
[Black "Alder, Bodo"]
[Result "1-0"]
[WhiteElo "2101"]
[BlackElo "1841"]
[PlyCount "95"]
[EventDate "2015.11.24"]
[EventType "swiss"]
[EventRounds "9"]
[EventCountry "GER"]
[SourceTitle "EXT 2017"]
[Source "ChessBase"]
[SourceDate "2016.10.25"]
[SourceVersion "1"]
[SourceVersionDate "2016.10.25"]
[SourceQuality "1"]

1. c4 e5 2. Nc3 Nf6 3. Nf3 d6 4. g3 c6 5. Bg2 Nbd7 6. 0-0 Be7 7. d4 Qc7 8. Qc2 0-0 9. b3 Re8 10. Bb2 Bf8 11. e3 Rb8 12. a4 a5 13. h3 b5 14. axb5 cxb5 15. cxb5 Rxb5 16. Rfc1 Rb8 17. Nd1 Qxc2 18. Rxc2 Rxb3 19. Rxa5 Rd8 20. Kh2 Bb7 21. Nd2 Rb6 22. Nc4 Rb3 23. Nd2 Rb6 24. Nc4 Rb4 25. Ba3 Rb3 26. Bxb7 Rxb7 27. Nxd6 Rb3 28. Nc4 exd4 29. Bxf8 d3 30. Rb2 Rxb2 31. Ncxb2 Kxf8 32. Nxd3 Ne4 33. Rd5 Ke7 34. f3 Nef6 35. Rd4 Nb6 36. Rxd8 Kxd8 37. e4 Ke7 38. Ne3 g6 39. Kg2 h5 40. h4 Nfd7 41. f4 f6 42. Kf3 Kd6 43. g4 hxg4+ 44. Kxg4 Nc5 45. e5+ fxe5 46. fxe5+ Kc6 47. Nxc5 Kxc5 48. Kg5 1-0

[Event "MVP-ch Seniors op 15th"]
[Site "Binz"]
[Date "2015.11.25"]
[Round "2.8"]
[White "Alder, Bodo"]
[Black "Burchardt, Brigitte"]
[Result "1/2-1/2"]
[WhiteElo "1841"]
[BlackElo "2039"]
[PlyCount "95"]
[EventDate "2015.11.24"]
[EventType "swiss"]
[EventRounds "9"]
[EventCountry "GER"]
[SourceTitle "EXT 2017"]
[Source "ChessBase"]
[SourceDate "2016.10.25"]
[SourceVersion "1"]
[SourceVersionDate "2016.10.25"]
[SourceQuality "1"]

1. e4 c5 2. Nf3 d6 3. d4 cxd4 4. Nxd4 Nf6 5. Nc3 a6 6. Bg5 Nbd7 7. Qd2 e6 8. f3 Qc7 9. Nb3 b5 10. Be3 Bb7 11. a3 Be7 12. Bd3 0-0 13. 0-0 d5 14. exd5 Nxd5 15. Nxd5 Bxd5 16. Qf2 Bf6 17. Bd4 Bxd4 18. Nxd4 Ne5 19. Rfd1 Rac8 20. c3 g6 21. Rd2 Nxd3 22. Rxd3 Bc4 23. Rd2 e5 24. Ne2 Rfd8 25. Rad1 Bb3 26. Rxd8+ Rxd8 27. Rxd8+ Qxd8 28. Qe3 Qd6 29. Kf2 Bc4 30. Ke1 f5 31. Qd2 Qc5 32. h3 Bd5 33. Qg5 Kg7 34. b4 Qc7 35. h4 Bc4 36. h5 Bxe2 37. h6+ Kf7 38. Kxe2 Qxc3 39. Qd8 Qc6 40. Qb8 Qc4+ 41. Kf2 Qd4+ 42. Kf1 Kf6 43. Qh8+ Kg5 44. Qxh7 Kh5 45. Qg7 Qd1+ 46. Kf2 Qd2+ 47. Kf1 Qd1+ 48. Kf2 1/2-1/2

[Event "GER-chT Seniors 24th"]
[Site "Berlin"]
[Date "2015.09.06"]
[Round "1.2"]
[White "Alder, Bodo"]
[Black "Jergler, Karl Heinz"]
[Result "0-1"]
[WhiteElo "2072"]
[BlackElo "2213"]
[PlyCount "110"]
[EventDate "2015.09.06"]
[EventType "team-swiss"]
[EventRounds "7"]
[EventCountry "GER"]
[SourceTitle "EXT 2018"]
[Source "ChessBase"]
[SourceDate "2017.10.13"]
[SourceVersion "1"]
[SourceVersionDate "2017.10.13"]
[SourceQuality "1"]
[WhiteTeam "Mecklenburg Vorpommern Seniors II"]
[BlackTeam "Bayern Seniors"]
[WhiteTeamCountry "GER"]
[BlackTeamCountry "GER"]

1. e4 c5 2. Nf3 Nc6 3. d3 g6 4. c3 Bg7 5. Be2 e6 6. Qc2 Nge7 7. Nbd2 0-0 8. 0-0 d5 9. Re1 e5 10. Nf1 Rb8 11. a3 f6 12. b4 b6 13. Rb1 Be6 14. Bd2 Qd7 15. Ng3 Rfc8 16. b5 Na5 17. c4 dxe4 18. dxe4 Nb7 19. Rbd1 Qe8 20. a4 Rd8 21. Bc1 Rxd1 22. Rxd1 Rd8 23. Bb2 Rxd1+ 24. Qxd1 Nc8 25. Nf1 Qf7 26. Ne3 Ncd6 27. Qc2 Qd7 28. Nd5 Nd8 29. h4 Bf7 30. Nh2 Ne6 31. Ng4 Qd8 32. g3 Nd4 33. Bxd4 exd4 34. f4 f5 35. Ngf6+ Bxf6 36. Nxf6+ Qxf6 37. e5 Qe6 38. exd6 Qxd6 39. Bd3 Qf6 40. Qf2 Kg7 41. Kf1 Qe7 42. Qe2 Qxe2+ 43. Kxe2 Be6 44. Kd2 Bc8 45. Be2 Bb7 46. Bd1 Bg2 47. Be2 Kf6 48. Bd3 Bf3 49. Bf1 h6 50. Bh3 g5 51. hxg5+ hxg5 52. Bf1 gxf4 53. gxf4 Kg6 54. Bd3 Bg4 55. Bf1 Kh5 0-1

[Event "MVP-ch Seniors op 14th"]
[Site "Binz"]
[Date "2014.11.29"]
[Round "5"]
[White "Alder, Bodo"]
[Black "Fritsch, Juergen"]
[Result "1/2-1/2"]
[WhiteElo "1952"]
[BlackElo "1789"]
[PlyCount "89"]
[EventDate "2014.11.25"]
[EventType "swiss"]
[EventRounds "9"]
[EventCountry "GER"]
[SourceTitle "EXT 2016"]
[Source "ChessBase"]
[SourceDate "2015.10.08"]
[SourceVersion "1"]
[SourceVersionDate "2015.10.08"]
[SourceQuality "1"]

1. e4 e5 2. Nf3 Nc6 3. Bb5 Nge7 4. 0-0 g6 5. d4 Bg7 6. d5 Nd4 7. Nxd4 exd4 8. Re1 0-0 9. c3 dxc3 10. Nxc3 d6 11. Bg5 h6 12. Be3 g5 13. Qd2 Ng6 14. f3 Ne5 15. Rac1 c5 16. Be2 a6 17. f4 gxf4 18. Bxf4 Qh4 19. Rf1 Kh7 20. Bg3 Qg5 21. Qxg5 hxg5 22. Na4 b5 23. Nb6 Rb8 24. Nxc8 Rbxc8 25. b3 Kg6 26. h3 Rcd8 27. Bxe5 Bxe5 28. Bg4 Bd4+ 29. Kh2 Rh8 30. g3 f6 31. Kg2 b4 32. Rfd1 Be5 33. Rd3 a5 34. Rc2 Kf7 35. Kf3 Ke7 36. Be6 Ra8 37. Kg4 a4 38. h4 axb3 39. Rxb3 gxh4 40. gxh4 Rh7 41. h5 Rah8 42. Rh3 Rg7+ 43. Kf3 Rh6 44. Rg2 Rgh7 45. Kg4 1/2-1/2

[Event "MVP-ch Seniors op 14th"]
[Site "Binz"]
[Date "2014.11.26"]
[Round "2"]
[White "Josting, Friedel"]
[Black "Alder, Bodo"]
[Result "1/2-1/2"]
[WhiteElo "1757"]
[BlackElo "1952"]
[PlyCount "49"]
[EventDate "2014.11.25"]
[EventType "swiss"]
[EventRounds "9"]
[EventCountry "GER"]
[SourceTitle "EXT 2016"]
[Source "ChessBase"]
[SourceDate "2015.10.08"]
[SourceVersion "1"]
[SourceVersionDate "2015.10.08"]
[SourceQuality "1"]

1. d4 d5 2. Nf3 Nf6 3. Bf4 e6 4. e3 Nbd7 5. Bd3 Be7 6. h3 Nf8 7. Nbd2 Ng6 8. Bh2 c6 9. c3 Bd6 10. Ne5 Bxe5 11. dxe5 Nd7 12. Qh5 Qh4 13. Qxh4 Nxh4 14. 0-0 a6 15. e4 Nc5 16. Bc2 dxe4 17. Nxe4 Nxe4 18. Bxe4 Bd7 19. Rad1 0-0-0 20. Rd2 Be8 21. Rfd1 Rxd2 22. Rxd2 Bd7 23. Kf1 h6 24. Rd4 Nf5 25. Bxf5 1/2-1/2

[Event "MVP-ch Seniors op 14th"]
[Site "Binz"]
[Date "2014.11.25"]
[Round "1"]
[White "Alder, Bodo"]
[Black "Dittschlag, Lothar"]
[Result "1-0"]
[WhiteElo "1952"]
[BlackElo "1589"]
[PlyCount "71"]
[EventDate "2014.11.25"]
[EventType "swiss"]
[EventRounds "9"]
[EventCountry "GER"]
[SourceTitle "EXT 2016"]
[Source "ChessBase"]
[SourceDate "2015.10.08"]
[SourceVersion "1"]
[SourceVersionDate "2015.10.08"]
[SourceQuality "1"]

1. e4 e5 2. Nf3 Nc6 3. Bb5 a6 4. Ba4 Nf6 5. d3 Bc5 6. c3 d6 7. 0-0 0-0 8. Bg5 h6 9. Bh4 Qe7 10. d4 Bb6 11. d5 Nb8 12. Nbd2 Bg4 13. Bc2 Nbd7 14. b4 g5 15. Bg3 Nh5 16. Kh1 Nf4 17. Nc4 Nf6 18. Ne3 Bh5 19. Nf5 Qd7 20. Nxh6+ Kh7 21. Nf5 Rg8 22. a4 a5 23. b5 Kh8 24. Rb1 Bc5 25. c4 Rg6 26. Rb3 Qd8 27. Qa1 Ng4 28. Bd1 Nf6 29. Qb1 Kh7 30. Ng1 Qh8 31. Bxf4 gxf4 32. Rh3 Rg5 33. Nf3 Rg6 34. Nxe5 dxe5 35. Bxh5 Nxh5 36. Rxh5+ 1-0

[Event "Mecklenburg VP LL2 Ost 1314"]
[Site "Mecklenburg VP"]
[Date "2014.03.16"]
[Round "7.1"]
[White "Alder, Bodo"]
[Black "Dao Xuan, Duong"]
[Result "1/2-1/2"]
[WhiteElo "1915"]
[BlackElo "1731"]
[PlyCount "69"]
[EventDate "2013.10.27"]
[EventType "team-tourn"]
[EventRounds "9"]
[EventCountry "GER"]
[SourceTitle "EXT 2022"]
[Source "ChessBase"]
[SourceDate "2021.10.06"]
[SourceVersion "1"]
[SourceVersionDate "2021.10.06"]
[SourceQuality "1"]
[WhiteTeam "Binz Therme Ruegen"]
[BlackTeam "Neubrandenburg SG Eintracht II"]
[WhiteTeamCountry "GER"]
[BlackTeamCountry "GER"]

1. e4 e5 2. Nf3 Nc6 3. d3 Nf6 4. c3 d6 5. Be2 h6 6. Nbd2 Nh7 7. Nf1 f5 8. exf5 Bxf5 9. Ng3 Bg6 10. Nd2 Nf6 11. Nde4 Bf7 12. 0-0 Nd7 13. f4 d5 14. fxe5 Ndxe5 15. Nf2 Bd6 16. Nf5 0-0 17. d4 Nc4 18. b3 Be6 19. Nxd6 Nxd6 20. Bg4 Qd7 21. Bf3 Ne7 22. Nd3 Ne4 23. Bd2 Ng6 24. Qe2 Bf5 25. Bxe4 dxe4 26. Nc5 Qc6 27. Qh5 b6 28. Rxf5 Rxf5 29. Qxf5 bxc5 30. d5 Ne7 31. Qxe4 Qxd5 32. Qxe7 Qxd2 33. Qxc5 Rf8 34. Qd4 Qb2 35. Re1 1/2-1/2

[Event "MVP-ch Seniors op 12th"]
[Site "Binz"]
[Date "2012.12.05"]
[Round "8"]
[White "Alder, Bodo"]
[Black "Jung, Werner"]
[Result "1/2-1/2"]
[WhiteElo "1924"]
[BlackElo "1849"]
[PlyCount "40"]
[EventDate "2012.11.28"]
[EventType "swiss"]
[EventRounds "9"]
[EventCountry "GER"]
[SourceTitle "EXT 2014"]
[Source "ChessBase"]
[SourceDate "2013.11.20"]
[SourceVersion "1"]
[SourceVersionDate "2013.11.20"]
[SourceQuality "1"]

1. e4 d5 2. Nc3 dxe4 3. Nxe4 Bf5 4. Ng3 Bg6 5. Nf3 Nc6 6. d4 Nb4 7. Bd3 Nxd3+ 8. cxd3 Nf6 9. 0-0 e6 10. Re1 c6 11. Be3 Nd5 12. Ne5 Bb4 13. Rf1 0-0 14. Ne4 Be7 15. a3 Bf6 16. Qd2 Qc7 17. Nxf6+ Nxf6 18. Rac1 Rad8 19. b4 Rd5 20. Rc5 Rfd8 1/2-1/2